Szovjet újítók a növénytermesztésben (a gépesítés legnagyobb felhasználásáért a kukorica-és a cukorrépa termesztésében)

Podrobná bibliografia
Hlavný autor: Němec, Jiří, 1940- (Autor)
Médium: Kniha
Jazyk:maďarčina
čeština
Fyzický popis:30 strán tabuľky 21 cm
Vydavateľské údaje: Praha Svět sovětů 1961
Edícia:Ismerjük meg a Szovjetuniót
Predmet:

MARC

LEADER 00000cam a2200000 a 4500
001 vtls008334937
003 SK-MaSNL
005 20260301230006.0
008 200228s1961 xr f 000 0 hun
015 |a SNBA1962/05-00784 
020 |q (viazané) 
035 |a SK01SNK19620027154 
035 |a urn:nbn:sk:snk-am3hz55 
035 |a E05DFB0C-88CA-480E-8BBD-A67E11B9B459 
035 |a urn:nbn:sk:snk-am00de5k 
035 |a SKM000029617 
040 |a SNK  |b slo  |c SNK  |e AACR2 
041 1 |a hun  |h cze 
044 |a xr  |c CZ 
072 7 |a 633  |x Rastlinná výroba  |2 konspekt 
080 |a 633.15:633.63(083.9)=945.11  |2 1981 
080 |a 633.63  |2 1981 
080 |a 633  |2 2011 
080 |a 633.63  |2 2011 
080 |a (041)  |2 2011 
100 1 |a Němec, Jiří,  |d 1940-  |4 aut  |9 186140 
245 1 0 |a Szovjet újítók a növénytermesztésben  |b (a gépesítés legnagyobb felhasználásáért a kukorica-és a cukorrépa termesztésében)  |c Jiří Němec 
260 |a Praha  |b Svět sovětů  |c 1961 
300 |a 30 strán  |b tabuľky  |c 21 cm 
490 1 |a Ismerjük meg a Szovjetuniót  |v zv. 7 
500 |a Pre funkcionárov SČSP 
500 |a Vydané k Mesiacu česko-sovietskeho priateľstva 
500 |a Preložené z češtiny 
500 |a Poznámky pod čiarou 
650 0 7 |a kukurica  |2 SNKPH  |9 16138 
650 0 7 |a cukrová repa  |2 SNKPH  |9 81965 
650 0 7 |a rastlinná výroba  |2 SNKPH  |9 2835 
655 7 |a brožúry  |2 SNKPH  |9 70146 
830 0 |a Ismerjük meg a Szovjetuniót  |9 307465 
958 |a RK 
958 |a TL 
958 |a CZ 
958 |a SP 
958 |a OP 
999 |c 953039  |d 954969 
952 |a SNK  |b SNK  |y PREZ  |7 0  |p 17A0799219  |o snkSC 9511/7/1961  |i snkKSP 7238/61  |0 0  |1 0  |4 0  |d 2019-09-12  |f 1  |l 0  |r 2025-07-09 00:00:00  |w 2026-02-24